=LDR 00000nam 2200000 4500 =001 INLIS000000000015357 =005 20130612110634 =008 ***********************************Ind** =035 ##$$0010-061300000015357 =041 ##$$a Ind =082 ##$$a 649.122 =090 ##$$a 649.122, NEL-p =100 ##$$a Neilson, Joan =245 ##$$a Perawatan Bayi Tahun Pertama, Joan Neilson =250 ##$$a Seri Kesehatan Waniba =260 ##$$a 1992 $b Jakarta =300 ##$$a 163 hlm, 18 cm =650 ##$$a Bayi-Perawatan =850 ##$$a NBPNMAT